000
00320nam a2200133Ia 4500
005
20251222175915.0
008
251222s9999||||xx |||||||||||||| ||spa||
082
_a
349.853/A91
100
_a
AvendaƱo V., Jorge
245
2
_a
A la Luz del Derecho:
250
_a
1ra.ed.
264
_b
Normas Legales S.A.C
942
_c
LIB
999
_c
40460
_d
40460